Biện pháp quản lý đào tạo nghề cho học sinh dân tộc thiểu số tại trường Trung cấp nghề Nam Quảng Nam trong bối cảnh hiện nay
Cơ sở lý luận quản lý đào tạo nghề cho học sinh dân tộc thiểu số học tại các trường nghề; Thực trạng quản lý đào tạo nghề cho học sinh dân tộc thiểu số tại Trường Trung cấp nghề Nam Quảng Nam; Các biện pháp quản lý đào tạo nghề cho học sinh dân tộc thiểu số tại Trường Trung cấp nghề Nam Quảng Nam......
Wedi'i Gadw mewn:
| Prif Awdur: | |
|---|---|
| Awduron Eraill: | |
| Fformat: | Llyfr |
| Iaith: | Vietnamese |
| Cyhoeddwyd: |
Đà Nẵng
Đại học Đà Nẵng
2013
|
| Pynciau: | |
| Tagiau: |
Ychwanegu Tag
Dim Tagiau, Byddwch y cyntaf i dagio'r cofnod hwn!
|
| Thư viện lưu trữ: | Mạng thư viện Đại học Đà Nẵng |
|---|
| LEADER | 01970nam a2200349 4500 | ||
|---|---|---|---|
| 001 | 000019344 | ||
| 003 | 15779 | ||
| 005 | 20140417150421.0 | ||
| 008 | 140417s2013 viesd | ||
| 041 | |a vie | ||
| 082 | 1 | 4 | |a 373.246 |b PH-P |
| 100 | |a Phạm Huỳnh Thùy Phúc | ||
| 245 | |a Biện pháp quản lý đào tạo nghề cho học sinh dân tộc thiểu số tại trường Trung cấp nghề Nam Quảng Nam trong bối cảnh hiện nay |c Phạm Huỳnh Thùy Phúc ; Nguyễn Thị Mỹ Lộc hướng dẫn. |k Luận văn Thạc sĩ | ||
| 260 | |a Đà Nẵng |b Đại học Đà Nẵng |c 2013 | ||
| 300 | |a 107 tr., phụ lục 7 tr. |c 29 cm. |e Tóm tắt | ||
| 500 | |a Luận văn thạc sĩ Quản lý giáo dục. Chuyên ngành: Quản lý giáo dục. Mã số: 60.14.05. | ||
| 520 | |a Cơ sở lý luận quản lý đào tạo nghề cho học sinh dân tộc thiểu số học tại các trường nghề; Thực trạng quản lý đào tạo nghề cho học sinh dân tộc thiểu số tại Trường Trung cấp nghề Nam Quảng Nam; Các biện pháp quản lý đào tạo nghề cho học sinh dân tộc thiểu số tại Trường Trung cấp nghề Nam Quảng Nam... | ||
| 650 | 0 | 4 | |a Đào tạo nghề |v Luận văn tốt nghiệp |x Học sinh dân tộc |x Nghiên cứu |z Quảng Nam |
| 653 | |a Quản lý giáo dục | ||
| 653 | |a Học sinh dân tộc | ||
| 653 | |a Đào tạo nghề | ||
| 700 | 1 | |a Nguyễn Thị Mỹ Lộc |c GS.TS |e Hướng dẫn | |
| OWN | |a LSP | ||
| AVA | |a UDN50 |b LSP |d 373.246 PH-P |e available |t Error 5001 Not defined in file expand_doc_bib_avail. |f 1 |g 0 |h N |i 0 |k 1 | ||
| 999 | |a From the UDN01 | ||
| AVA | |a UDN50 |b LSP |d 373.246 PH-P |e available |t Error 5001 Not defined in file expand_doc_bib_avail. |f 1 |g 0 |h N |i 0 |k 1 | ||
| TYP | |a Monograph | ||
| TYP | |a Printed language | ||
| 980 | |a Mạng thư viện Đại học Đà Nẵng | ||